000 01196nam a22003137a 4500
001 000565
003 DO-SdBNP
005 20170905094702.0
007 000565
008 161018b 2011 sp a d ||||| |||| 00| 0 spa d
020 _a9789962040361
040 _aBPMSU
_bspa
_cBPMSU
082 4 _aR 005.369
_bB582co
245 0 0 _aLa biblia de la computación
246 1 3 _aLa biblia de la computación e internet.
260 0 _aBarcelona :
_bLexus,
_c2011.
300 _axxii, 1016 p. :
_bil. ;
_c27 cm.
505 0 _tConocimientos básicos. --
_tWindows 7. --
_tMicrosoft Internet Explorer. --
_tMicrosoft Office XP. --
_tMicrosoft Word 2010. ---
_tHoja de cálculo: Excel 2010. --
_tBase de datos: Access 2010. --
_tPrograma de presentaciones: Power Point. --
_tAgenda de trabajo: Outlook XP. --
630 4 _aMICROSOFT OFFICE
630 4 _aMICROSOFT WINDOWS
650 4 _a MICROSOFT WINDOWS NT (PROGRAMA PARA COMPUTADOR)
650 4 _aSISTEMAS OPERACIONALES (COMPUTADORES)
650 4 _aINTERNET
650 4 _aINFORMÁTICA
_xMANUALES
650 4 _aCOMPUTADORES
_xMANUALES
942 _2ddc
_cBK
945 _aInventariado /2017 VM
956 _2LOPEREZ
_310
_620161018
_8BPMSU
_a00041
999 _c11595
_d11595